| 000 | 01799cam a22004934i 4500 | ||
|---|---|---|---|
| 003 | PE-LiUPU | ||
| 005 | 20250731165604.0 | ||
| 008 | 150706s r 000 0 d | ||
| 020 | _a9780415201001 | ||
| 035 | _a(Sirsi) i9780415201001 | ||
| 040 |
_aPE-LiUPU _bspa _cPE-LiUPU _erda |
||
| 049 | _aPRUA | ||
| 082 | 0 | 4 |
_a220.3 _bD _221 |
| 245 | 0 | 1 |
_aDictionary of biblical criticism and interprtation / _ced., Stanley E Porter. |
| 264 | 1 |
_aLondon ; New York : _bRoutledge, _c2006. |
|
| 300 |
_a406 páginas ; _c25 centímetros |
||
| 336 |
_atext _2rdacontent |
||
| 337 |
_aunmediated _2rdamedia |
||
| 338 |
_avolume _2rdacarrier |
||
| 505 | 0 | _aDictionary of biblical criticism and interprtation: A-Z. | |
| 526 | _aSEG44 | ||
| 526 | _aSEG26 | ||
| 526 | _aP151 | ||
| 526 | _aP150 | ||
| 526 | _aP149 | ||
| 526 | _aP146 | ||
| 526 | _aP145 | ||
| 526 | _aP126 | ||
| 526 | _aP125 | ||
| 526 | _aP92 | ||
| 526 | _aP75 | ||
| 526 | _aP74 | ||
| 526 | _aP27 | ||
| 526 | _aP15 | ||
| 541 | _g20081126230934D47324; | ||
| 630 |
_aBiblia _xCritica, interpretación, etc. _vDiccionarios. |
||
| 700 | 1 |
_aPorter, Stanley E., _eed. |
|
| 910 |
_agl _bjv _clch _d20090816 |
||
| 942 |
_2ddc _cBOOK |
||
| 949 |
_aRC 220.3 D _wDEWEY _c1 _i59836 _d2015-11-26 _lCCODEBUL1 _mBUL _p180.00 _q5 _r0 _sY _tBOOK _u2015-7-6 _xTEOLOGIA _PP85 _0COMPRA _o.CIRCNOTE. No olvidar cambiar la fecha de devolución!!!!!!! _o.STAFF. Colección General |
||
| 994 |
_aC0 _bPEPRU |
||
| 596 | _a1 | ||
| 999 |
_aRC 220.3 D _wDEWEY _c49370 _i59836 _d49370 _f2021-11-8 _g6 _lCCODEBUL1 _mBUL _p180.00 _q7 _r1 _sY _tBOOK _u2015-7-6 _xTEOLOGIA _PP85 _0COMPRA _o.CIRCNOTE. No olvidar cambiar la fecha de devolución!!!!!!! _o.STAFF. Colección General |
||
| 980 |
_81 _gALBERTO SANCHEZ Responsable de Automatización |
||